000 00567ntaaa2200205 4500
003 01
005 20251027202114.0
008 0714s1973 ag 01
040 _aAR-BaBN
_bspa
_cAR-BaBN
_eaacr
_dRIC
082 _a252.2000 Sp9t
100 _aSpurgeon, Charles Haddon
_911688
245 _aThe treasury of the Bible
250 _a1 ed.
260 _aGrand Rapids :
_bZondervan Publishing House,
_c1962
300 _a4 tomos
500 _aUna colección de sermones sobre toda la biblia
650 _aBiblia-estudios
_91739
650 _asermones
_9362
942 _cBK
999 _c15919
_d15919